عرض عادي عرض مارك
  • عبدالرؤوف، طارق،

مدخل إسم شخص

عدد التسجيلات المستخدمة في: 1

001 - رقم الضبط

  • حقل الضبط: 87027

003 - معرف رقم الضبط

  • حقل الضبط: OSt

005 - تاريخ ووقت أخر عملية

  • حقل الضبط: 20200926162312.0

008 - عناصر بيانات ثابتة الطول

  • حقل تحكم ثابت الطول: 200926|| aca||aabn | a|a d

040 ## - مصدر الفهرسة

  • هيئة الفهرسة الأصلية: OSt
  • وكالة الكتابة: OSt

100 ## - مدخل -- أسم شخص

  • إسم شخص: عبدالرؤوف، طارق،

670 ## - بيانات المصدر موجوده

  • الاستشهاد بالمصدر: Work cat.: (OSt): المصري، ايهاب عيسى. 87025, المكتبة الرقمية والمستودعات الرقمية : , 2020.